| 000 | 01014nam a2200277Ia 4500 | ||
|---|---|---|---|
| 003 | OSt | ||
| 005 | 20221005104555.0 | ||
| 006 | a|||||r|||| 00| 0 | ||
| 007 | ta | ||
| 008 | 221004b |||||||| |||| 00| 0 urd d | ||
| 020 |
_a9789386534224 (pbk) _cINR 140.00 |
||
| 024 | _a41480 | ||
| 037 |
_b284, 15/02/2019, Eastern Book Linkers _cTextual |
||
| 040 |
_aCRL _cCRL _burd |
||
| 041 |
_2urd _aurd |
||
| 082 | _aO168,1L40w, 152Q8 | ||
| 100 | _aपंडित, प्रकाश, संपा. | ||
| 245 | 0 | _aनजीर अकबराबादी | |
| 246 | _aNajīr akabarābādī | ||
| 260 |
_aदिल्ली _bराजपाल एन्ड सन्ज भारत _c2018 |
||
| 300 |
_a128पृ0 _ccm. |
||
| 650 | _a उर्दू साहित्य | ||
| 650 | _aउर्दू कविता | ||
| 942 |
_hO168,1L40w, 152Q8 _cTEXL _2cc |
||
| 999 |
_c1013142 _d1013142 |
||